PL/1 - Programmierung
Gespeichert in:
| Format: | Buch |
|---|---|
| Sprache: | Deutsch |
| Veröffentlicht: |
Berlin
Deutscher Verlag der Wissenschaften
1980
|
| Ausgabe: | 2. überarbeitete Aufl. |
| Tags: |
Keine Tags, Fügen Sie das erste Tag hinzu!
|
MARC
| LEADER | 00000nam a2200000 4500 | ||
|---|---|---|---|
| 001 | c142785 | ||
| 005 | 20260326132443.3 | ||
| 041 | 0 | |a ger | |
| 044 | |a DE | ||
| 245 | 1 | 0 | |a PL/1 - Programmierung |c F. Grund, W. Issel |
| 250 | |a 2. überarbeitete Aufl. | ||
| 264 | 1 | |a Berlin |b Deutscher Verlag der Wissenschaften |c 1980 | |
| 300 | |a 478 s. | ||